000
00326nam a22001457a 4500
008
230516b ||||| |||| 00| 0 eng d
020
_a
9780205686179
041
_a
eng
080
_2
EIGHTH EDITION
_a
37
082
_a
37KOC
100
_a
23
101
_a
EDU
245
_a
SPEAKING WITH A PURPOSE
_c
KOCH A
942
_2
udc
_c
BK
999
_c
59731
_d
59731